| 000 | 01886nam a22002657a 4500 | ||
|---|---|---|---|
| 001 | 6539 | ||
| 003 | FISKH | ||
| 005 | 20250508153412.0 | ||
| 008 | 250508b cb ||||| |||| 00| 0 eng d | ||
| 020 | _a9789995001582 | ||
| 040 |
_aFISKH _bkhr _cFISKH _dFISKH |
||
| 082 | _a510 | ||
| 100 | _aKimsrun, In | ||
| 245 |
_aកំណែលំហាត់ គណិតវិទ្យា ៦ / _cអ្នកនិពន្ធនិងរៀបរៀង លោក អុិន គឺមស្រ៊ុន អ្នកវាយអត្ថបទ លោក ជុំ សត្យា អ្នករចនាទំព័រ លោក គង់ ចិត្រា អ្នកផ្ទៀងផ្ទាត់ លោក អ៊ុំ បុប្ផា |
||
| 250 | _aបោះពុម្ពឆ្នាំ2018 | ||
| 260 |
_aភ្នំពេញ : _bគ្រឺះស្ថានបោះពុម្ពនិងចែកផ្សាយ , _c2018 . |
||
| 300 |
_a172 pages : _bcolor illustrations ; _c21 cm . |
||
| 520 | _aសៀវភៅ «កំណែលំហាត់គណិតវិទ្យាថ្នាក់ទី៦» ដែលនិពន្ធនិងរៀបរៀងដោយលោក អុិន គឺមស្រ៊ុន គឺជាឯកសារដែលមានគោលបំណងផ្តល់ជំនួយដល់សិស្សថ្នាក់ទី៦ក្នុងការរៀន និងអនុវត្តលំហាត់គណិតវិទ្យា។ | ||
| 520 | _aThe book “Grade 6 Mathematics Exercise Book”, written and compiled by Mr. In Kim Srun, is a resource designed to assist sixth-grade students in learning and practicing mathematics exercises. | ||
| 650 | _aគណិតវិទ្យា | ||
| 650 | _aMathematic | ||
| 700 |
_aSatya, Chom _eIllustrator |
||
| 942 |
_2ddc _cKHB _n0 |
||
| 999 |
_c6539 _d6539 |
||